| 000 | 01781cas a2200517 4500 | ||
|---|---|---|---|
| 999 |
_c3496 _d3496 |
||
| 001 | 11228002 | ||
| 003 | OSt | ||
| 005 | 20211118095503.0 | ||
| 008 | 781020c19799999nyuar 0 a0eng c | ||
| 010 |
_a 79643159 _zsn 78005318 |
||
| 016 | 7 |
_a7908091 _2DNLM |
|
| 016 | 7 |
_aC07430000 _2DNLM |
|
| 016 | 7 |
_a012110681 _2Uk |
|
| 016 | 7 |
_aB8427136 _2bccb |
|
| 016 | 7 |
_a011743661 _2Uk |
|
| 022 | 0 |
_a0163-1675 _l0163-1675 _y0163-1705 _21 |
|
| 035 | _a(OCoLC)ocm04307293 | ||
| 037 | _bElsevier-North Holland, inc., 52 Vanderbilt Ave., New York, NY 10017 | ||
| 040 |
_aNSD _beng _cNSD _dDLC _dNST _dNSD _dRCS _dNST _dNSD _dNST _dNLM _dOCLCQ _dNLGGC _dOCLCQ _dUKMGB _dOCLCF _dOCLCO _dOCLCQ _dOCLCO |
||
| 042 |
_apcc _ansdp |
||
| 050 | 0 | 0 |
_aRC681.A1 _bC255 |
| 060 | 0 | 0 |
_aW1 _bCA77KE |
| 082 | 0 | 4 | _a616.1/2/005 |
| 210 | 0 | _aCardiol. update | |
| 222 | 0 | _aCardiology update | |
| 245 | 0 | 0 | _aCardiology update. |
| 260 |
_aNew York, _bElsevier. |
||
| 300 |
_avolumes _billustrations _c24 cm |
||
| 336 |
_atext _btxt _2rdacontent |
||
| 337 |
_aunmediated _bn _2rdamedia |
||
| 338 |
_avolume _bnc _2rdacarrier |
||
| 362 | 0 | _a1979- | |
| 500 | _a"Reviews for physicians." | ||
| 504 | _aIncludes bibliography and index | ||
| 590 | _aSERBIB/SERLOC merged record | ||
| 650 | 0 |
_aHeart _xDiseases _vPeriodicals. |
|
| 650 | 0 |
_aCardiology _vPeriodicals. |
|
| 650 | 7 |
_aCardiology. _2fast _0(OCoLC)fst00847121 |
|
| 650 | 7 |
_aHeart _xDiseases. _2fast _0(OCoLC)fst00953527 |
|
| 650 | 2 |
_aCardiology. _0https://id.nlm.nih.gov/mesh/D002309 |
|
| 655 | 7 |
_aPeriodicals. _2fast _0(OCoLC)fst01411641 |
|
| 655 | 2 |
_aPeriodicals. _0https://id.nlm.nih.gov/mesh/D020492 |
|
| 906 |
_a7 _bcbc _cserials _d2 _encip _f19 _gn-oclcserc |
||
| 942 |
_2lcc _cBK |
||